000 01532nam a2200349 c 4500
003 BLK
005 20181122160558.0
008 180408b bul|||||r ||||||| ||bul||
010 _aKNG00078152000
020 _a954-649-925-0
_bиздат.: Сиела Софт енд Паблишинг
040 _aBLK
041 _aBUL
_cBUL
080 _aФинансово право. Търговско дело. Митническо право. Данъчно право. Инвестиционни фондове. Борси, търговски посредници, банково дело, кредит, закупуване и др.
_b347.73
_x(497.2)
_z347.73(497.2)
100 1 _aЗлатарев, Емил Николов
_eпърви автор
_9366580
139 _aЗлатарев, Емил Николов
_bЗ 69
245 1 0 _aМитническо право
_cЕмил Николов Златарев.
257 _aBGR
260 София
_bСиела Софт енд Паблишинг
_c2006
300 _a280 с.
_c23 см
380 _a3
500 _aОфс. изд. - Съдържа и Закон за митниците.
650 4 _aМитническо право - България
_9162391
653 _aмитници
653 _aмитническо право
653 _aзаконодателство
653 _aмитнически контрол
852 _aЦб 235947
856 4 _qpdf
_u
856 4 _qpdf
_u
942 _cKNG
_n0
_02
944 _aCR
_c05.10.2007
_kКети_Илиева
944 _aED
_c04.01.2013
_k
999 _c73757
_d73757